00307nam a2200121Ia 4500008004100000041000900041082001500050100003300065245003500098260003600133300000800169650000800177230718s9999 xx 000 0 und d aEng. a320bSAR-I aSarwar • Puff Dr. Michomad 0aIntredection to Political bien aPakistanbIlmi Kitab Banac2010 a444 aLaw